Precursores de la Emancipación / (Registro nro. 42218)

Detalles MARC
000 -LEADER
campo de control de longitud fija 01698cam a22004214i 4500
003 - IDENTIFICADOR DE NÚMERO DE CONTROL
campo de control PE-LiUPU
005 - FECHA Y HORA DE LA ÚLTIMA TRANSACCIÓN
campo de control 20250731184108.0
008 - DATOS DE LONGITUD FIJA--INFORMACIÓN GENERAL
campo de control de longitud fija 150616s r 000 0 d
035 ## - NÚMERO DE CONTROL DEL SISTEMA
Número de control de sistema (Sirsi) a3437
040 ## - FUENTE DE CATALOGACIÓN
Centro catalogador/agencia de origen PE-LiUPU
Lengua de catalogación spa
Centro/agencia transcriptor PE-LiUPU
Normas de descripción rda
049 ## - FONDOS LOCALES (OCLC)
Biblioteca depositaria PRUA
082 04 - NÚMERO DE LA CLASIFICACIÓN DECIMAL DEWEY
Número de clasificación 869.508
Cutter R616p
Número de edición 21
100 1# - ENTRADA PRINCIPAL--NOMBRE DE PERSONA
Nombre de persona Riva Agüero y Osma, José de la,
Fechas asociadas al nombre 1885-1944,
Término indicativo de función/relación autor.
9 (RLIN) 5469
245 10 - MENCIÓN DEL TÍTULO
Título Precursores de la Emancipación /
Mención de responsabilidad, etc. José de la Riva-Agüero, Raúl Porras Barrenechea ; selección y prólogo de Manuel Mujica Gallo.
264 #1 - PRODUCCIÓN, PUBLICACIÓN, DISTRIBUCIÓN, FABRICACIÓN Y COPYRIGHT
Producción, publicación, distribución, fabricación y copyright Lima :
Nombre del de productor, editor, distribuidor, fabricante Santiago Valverde,
Fecha de producción, publicación, distribución, fabricación o copyright 1950.
300 ## - DESCRIPCIÓN FÍSICA
Extensión 126 páginas ;
Dimensiones 17 centímetros.
336 ## - TIPO DE CONTENIDO
Término de tipo de contenido text
Fuente rdacontent
337 ## - TIPO DE MEDIO
Nombre/término del tipo de medio unmediated
Fuente rdamedia
338 ## - TIPO DE SOPORTE
Nombre/término del tipo de soporte volume
Fuente rdacarrier
490 0# - MENCIÓN DE SERIE
Mención de serie (Autores peruanos ;
Designación de volumen o secuencia 6)
505 0# - NOTA DE CONTENIDO CON FORMATO
Nota de contenido con formato Don José Baquíjano y Carrillo / por José de la Riva-Agüero -- José Faustino Sánchez Carrión, el tribuno de la República peruana / por Raúl Porras Barrenechea.
526 ## - NOTA DE INFORMACIÓN SOBRE EL PROGRAMA DE ESTUDIO
Nombre del programa Comunicación Y Periodismo
526 ## - NOTA DE INFORMACIÓN SOBRE EL PROGRAMA DE ESTUDIO
Nombre del programa Educación, Especialidad Inglés Y Español (A Distancia)
526 ## - NOTA DE INFORMACIÓN SOBRE EL PROGRAMA DE ESTUDIO
Nombre del programa Educación, Especialidad Inglés Y Español
526 ## - NOTA DE INFORMACIÓN SOBRE EL PROGRAMA DE ESTUDIO
Nombre del programa Educación secundaria, especialidad lingüística e inglés
526 ## - NOTA DE INFORMACIÓN SOBRE EL PROGRAMA DE ESTUDIO
Nombre del programa Ciencias de la comunicación
600 18 - PUNTO DE ACCESO ADICIONAL DE MATERIA--NOMBRE DE PERSONA
Nombre de persona Baquíjano y Carrillo, José,
Fechas asociadas al nombre 1751-1818
600 18 - PUNTO DE ACCESO ADICIONAL DE MATERIA--NOMBRE DE PERSONA
Nombre de persona Sánchez Carrión, José Faustino,
Fechas asociadas al nombre 1787-1825
650 28 - PUNTO DE ACCESO ADICIONAL DE MATERIA--TÉRMINO DE MATERIA
Término de materia o nombre geográfico como elemento de entrada Biografías históricas
Subdivisión geográfica Perú
Subdivisión cronológica Emancipación, 1808-1824.
700 1# - ENTRADA AGREGADA--NOMBRE PERSONAL
Nombre de persona Porras Barrenechea, Raúl,
Fechas asociadas al nombre 1897-1960
9 (RLIN) 2264
700 1# - ENTRADA AGREGADA--NOMBRE PERSONAL
Nombre de persona Mujica Gallo, Manuel
9 (RLIN) 3326
Fechas asociadas al nombre 1906-1972.
700 1# - ENTRADA AGREGADA--NOMBRE PERSONAL
Nombre de persona Scorza, Manuel,
Fechas asociadas al nombre 1928-1983.
9 (RLIN) 3327
910 ## - DATOS DE OPCIÓN DEL USUARIO (OCLC)
Datos de opción del usuario jck
942 ## - ELEMENTOS DE ENTRADA SECUNDARIOS (KOHA)
Fuente del sistema de clasificación o colocación Clasificación Decimal Dewey
Tipo de ítem Koha Libros físicos
949 ## - PROCESAMIENTO DE INFORMACIÓN LOCAL (OCLC)
a 985.04 D35
w DEWEY
c 1
i 10875
l CCODEBUL1
m BUL
p 00.00
r 0
s Y
t BOOK
u 19930830
x EDUCACION
0 COMPRA
o .STAFF. Colección General
980 ## - EQUIVALENCIA O REFERENCIA-CRUZADA-MENCIÓN DE SERIE--NOMBRE DE PERSONA/TÍTULO [LOCAL, CANADÁ]
ID del último usuario que modificó el registro 1
Nombre del último usuario que modificó el registro ALBERTO SANCHEZ Responsable de Automatización
Existencias
Visto por última vez Número de inventario Total de préstamos Signatura topográfica completa Código de barras Copia número Fecha de reemplazo Facultad Tipo de ítem Koha Nota pública Estado de pérdida Fuente del sistema de clasificación o colocación Restricciones de uso No para préstamo Colección Programa académico Biblioteca de origen Biblioteca actual Ubicación en estantería Fecha de adquisición Fuente de adquisición
2025-12-03 6   869.508 R616p 10875 e1 2015-06-16 FACIHED Libros físicos inventario-2023-12-13 No Perdido Clasificación Decimal Dewey No restringido Disponible para préstamos Colección General Educación primaria Biblioteca CRAI UPeU Lima Biblioteca CRAI UPeU Lima Sala principal 2015-06-16 COMPRA